İş kanunu ve ilgili mevzuat (Record no. 6873)

MARC details
000 -BAŞLIK
Sabit Uzunlukta Kontrol Alanı 00816na a2200277 4500
001 - KONTROL NUMARASI
Denetim Alanı 17259
003 - KONTROL NUMARASI IDENTIFIER
Denetim Alanı MIRAKIL
005 - SON İŞLEM TARİHİ VE ZAMANI
Denetim Alanı 20181213155122.0
008 - SABİT-BOY VERİ ELEMANLARI - GENEL BİLGİLER
Sabit Uzunlukta Kontrol Alanı 161023b tu 000 0
020 ## - ULUSLARARASI STANDART KİTAP NUMARASI
Uluslararası Standart Kitap Numarası 9944439045
035 ## - SİSTEM KONTROL NUMARASI
Sistem Kontrol Numarası 17259
040 ## - KATALOGLAMA KAYNAK
Orijinal Kataloglama Ajansı Milas
Kataloglama Dili tur
Metne Dönüştürmek Ajansı TR-AnCHP
041 ## - DİL KODU
Metin / Ses Parça Veya Ayrı Başlığın Dil Kodu tur
082 ## - DEWEY ONLU SINIFLANDIRMA NUMARASI
Sınıflandırma Numarası 344.0102632
Ürün Numarası İ74 2006
090 ## - SINIFLAMA NUMARASI
Sınıflama Numarası 344.0102632 İ74 2006
245 ## - BAŞLIK TABLOSU
Başlık İş kanunu ve ilgili mevzuat
Sorumluluk Tablosu, Vb Yayın danışmanları Ezel Demirkol, Oktay Ünlü
260 ## - YAYIN, DAĞITIM, VB
Yayın, Dağıtım, Vb Yeri İstanbul
Yayıncı, Dağıtıcı, Vs Adı Kardeş Hukuk Kitaplığı
Yayın, Dağıtım, Vb Tarihi 2006
300 ## - FİZİKSEL TANIM
Kapsam 446 s.
Boyutlar 14 sm.
490 ## - SERİSİ TABLOSU
Seri Beyanı Kardeş Hukuk Kitaplığı
Hacim / Ardışık Tanımı 11
650 ## - KONU KATMA GİRİŞ - TOPİKAL DÖNEM
Topikal Süreli Veya Coğrafi Ad Giriş Elemanı İş (Çalışma)
Genel Alt Bölümü Hukuk ve mevzuat
Coğrafi Alt Bölümü Türkiye
650 ## - KONU KATMA GİRİŞ - TOPİKAL DÖNEM
Topikal Süreli Veya Coğrafi Ad Giriş Elemanı İş hukuku
Genel Alt Bölümü Kanunlar
Coğrafi Alt Bölümü Türkiye
700 ## - KATMA GİRİŞ - KİŞİSEL İSİM
Kişisel Ad Ünlü, Oktay
700 ## - KATMA GİRİŞ - KİŞİSEL İSİM
Kişisel Ad Demirkol, Ezel
942 ## - EKLENDİ GİRİŞ ELEMANLARI (KOHA)
Sınıflandırma Veya Raf Düzeni Kaynak Dewey Decimal Classification
Koha Öğesi Türü Books
999 ## - SİSTEM KONTROL NUMARALARI (KOHA)
Koha Biblionumber 6873
Koha Biblioitemnumber 6873
657 ## - INDEX SÜRE - İŞLEVİ
-- İş Kanunu
Holdings
Kalıcı Konum Mevcut Konum Edinme Tarihi Edinim Kaynak Toplam Check-Out'Lar Tam Çağrı Numarası Barkod Tarih Son Görülme İtibaren Geçerli Fiyatlar Koha Öğesi Türü
CHP Kütüphanesi CHP Kütüphanesi 10/23/2016 Bağış   344.0102632 İ74 2006 008074 10/23/2016 10/23/2016 Books